| 000 | 00964cam a2200241 4500 | ||
|---|---|---|---|
| 020 | _a0.02-342770-1 | ||
| 082 | 0 | 0 |
_a604.2 _bGIE _cL-12, P-67 |
| 100 | 1 |
_aSpencer, Henry Cecil, _940182 |
|
| 245 | 1 | 0 |
_aTechnical drawing problems, series 2 _c[by] Henry Cecil Spencer [and] Ivan Leroy Hill. |
| 250 | _a9th ed. | ||
| 260 |
_aNew York, _bMacmillan Pub. Co. _cc1991. |
||
| 300 |
_av, 9 p., [104] l. _billus. _c28 cm. |
||
| 500 | _a"Intended primarily for use with Technical drawing (sixth edition, 1974) by Giesecke, Mitchell, Spencer, and Hill." | ||
| 500 | _aEarlier ed. by F. E. Giesecke published under title: Technical drawing problems, series l. | ||
| 526 |
_a0 _b0 _c0 _d604_200000000000000_GIE |
||
| 526 |
_a0 _b0 _c0 _d604_200000000000000_GIE |
||
| 650 | 0 | _aMechanical drawing | |
| 650 | 0 |
_aNUST / MCE _926909 |
|
| 700 | 1 |
_aGiesecke, Frederick E. _940338 |
|
| 700 | 1 |
_aGiesecke, Frederick E. _940338 |
|
| 700 | 1 |
_aHill, Ivan Leroy, _940339 |
|
| 942 |
_2ddc _cBK |
||
| 999 |
_c544666 _d544666 |
||